[Event "Madrid-ch 2017-2018 - Previa A"]
[Site "Madrid ESP"]
[Date "2018.02.21"]
[Round "9.28"]
[White "Martin Garcia, Francisco Javier"]
[Black "Caravantes Camacho, Fernando"]
[Result "0-1"]
[WhiteElo "1461"]
[BlackElo "1551"]
[PlyCount "128"]
[EventDate "2018.02.05"]
[EventType "swiss"]
[EventRounds "9"]
[EventCountry "ESP"]
[SourceTitle "Ajedrez en Madrid"]
[Source "lmi"]
[SourceDate "2018.02.05"]

1. d4 Nf6 2. Nf3 g6 3. c4 Bg7 4. g3 O-O 5. Nc3 d6 6. Bg2 Nbd7 7. O-O c6 8. h3
Rb8 9. a4 a5 10. e4 c5 11. Be3 Ne8 12. Qd2 Nc7 13. Bh6 cxd4 14. Nxd4 Ne5 15. b3
Nc6 16. Bxg7 Kxg7 17. Rad1 Ne6 18. Nce2 Qb6 19. Qc3 f6 20. Nxe6+ Bxe6 21. Nf4
Bf7 22. Nd5 Bxd5 23. exd5 Nb4 24. Rfe1 Rfe8 25. Re6 Kf7 26. Rde1 Na6 27. Qd2
Nc5 28. Qh6 Nxe6 29. dxe6+ Kg8 30. Be4 f5 31. Bc2 Qd4 32. g4 Qg7 33. Qd2 fxg4
34. hxg4 b6 35. Re4 Rbc8 36. Rf4 Rf8 37. Be4 Qe5 38. Rxf8+ Rxf8 39. f3 Qg3+ 40.
Qg2 Qxg2+ 41. Kxg2 Kg7 42. Kf2 h5 43. g5 h4 44. Kg2 Rh8 45. Kh3 Rh5 46. f4 Rh8
47. f5 gxf5 48. Bxf5 Rf8 49. Be4 Rf4 50. Bd5 Kg6 51. Kh2 Kxg5 52. Kh3 Rd4 53.
Bc6 Rd3+ 54. Kh2 Kg4 55. Bd5 Rxb3 56. Kg2 Rb4 57. Bf3+ Kf4 58. Bd5 Rxa4 59. Kh3
Kg5 60. Kg2 Rb4 61. Kf2 Rb3 62. Ke2 Kf4 63. Kd2 Kg3 64. Kc2 Rb4 0-1

[Event "Madrid-ch 2017-2018 - Previa A"]
[Site "Madrid ESP"]
[Date "2018.02.21"]
[Round "9.29"]
[White "Ojosnegros Martin, Angel"]
[Black "Gonzalez Pinar, Adrian"]
[Result "1/2-1/2"]
[WhiteElo "1490"]
[BlackElo "1487"]
[PlyCount "138"]
[EventDate "2018.02.05"]
[EventType "swiss"]
[EventRounds "9"]
[EventCountry "ESP"]
[SourceTitle "Ajedrez en Madrid"]
[Source "lmi"]
[SourceDate "2018.02.05"]

1. e4 e6 2. d4 d5 3. exd5 exd5 4. Nf3 Nf6 5. Bf4 Nc6 6. Bb5 Bd6 7. Ne5 Bd7 8.
Bxc6 Bxc6 9. O-O O-O 10. Nd2 Re8 11. Ndf3 Nh5 12. Be3 Bd7 13. Ng5 Bxe5 14. Qxh5
h6 15. Qxf7+ Kh8 16. Qh5 Kg8 17. Nf7 Qf6 18. Nxe5 Bf5 19. Rac1 c5 20. c3 b6 21.
Rfd1 Rac8 22. b4 a5 23. bxc5 bxc5 24. Nd3 cxd4 25. Bxd4 Bg6 26. Qxd5+ Qf7 27.
Qxf7+ Bxf7 28. Ne5 Bxa2 29. h3 a4 30. Re1 Rb8 31. Nc6 Rxe1+ 32. Rxe1 Rb2 33.
Nb4 Bb3 34. Re7 g5 35. Kh2 a3 36. Kg3 a2 37. Nxa2 Rxa2 38. Kg4 Bd1+ 39. Kf5 Kf8
40. Re1 Bc2+ 41. Ke6 Ra8 42. Kd7 Ba4+ 43. Kc7 Bb3 44. g3 Ra6 45. Kd7 Ba4+ 46.
Kc7 Kf7 47. f4 gxf4 48. gxf4 Rg6 49. f5 Rg3 50. f6 Bb3 51. Re7+ Kf8 52. h4 Rg4
53. Kd8 Bf7 54. Kd7 Rxh4 55. Kc6 Rf4 56. Kc5 h5 57. Re3 Rf5+ 58. Be5 h4 59. Kd4
Rh5 60. c4 h3 61. Bd6+ Kg8 62. Rg3+ Kh8 63. Rg1 h2 64. Rh1 Rh4+ 65. Ke3 Bxc4
66. Rxh2 Rxh2 67. Bxh2 Kg8 68. Kf4 Kf7 69. Kg5 Bb3 1/2-1/2

[Event "Madrid-ch 2017-2018 - Previa A"]
[Site "Madrid ESP"]
[Date "2018.02.21"]
[Round "9.30"]
[White "Perez Ramos, Miguel Angel"]
[Black "Perales Hernandez, Manuel"]
[Result "0-1"]
[WhiteElo "1164"]
[BlackElo "1345"]
[PlyCount "102"]
[EventDate "2018.02.05"]
[EventType "swiss"]
[EventRounds "9"]
[EventCountry "ESP"]
[SourceTitle "Ajedrez en Madrid"]
[Source "lmi"]
[SourceDate "2018.02.05"]

1. Nf3 d5 2. d4 Bg4 3. Nc3 Bxf3 4. exf3 h6 5. Bd3 c6 6. Bf4 g5 7. Be5 f6 8.
Bg6+ Kd7 9. Bg3 h5 10. h4 Rh6 11. Bf5+ e6 12. Bd3 f5 13. f4 g4 14. Qe2 Qb6 15.
b3 Qxd4 16. Qd2 Bb4 17. O-O-O Bxc3 18. Qe3 Ba1 19. Qxd4 Bxd4 20. Bxf5 Bc3 21.
Bd3 Ne7 22. Rhf1 a6 23. f3 Nf5 24. Bxf5 exf5 25. Rd3 Kc7 26. Rxc3 gxf3 27.
Rfxf3 Nd7 28. Bf2 Rg8 29. g3 b6 30. Kb2 Nf6 31. Bd4 Ne4 32. Rce3 Rhg6 33. a3 c5
34. Be5+ Kc6 35. Bc3 d4 36. Bxd4 cxd4 37. Rd3 Kc5 38. Rd1 Rxg3 39. Rff1 R8g4
40. Ra1 Rxh4 41. a4 a5 42. Ka3 Rh2 43. Kb2 Kb4 44. Rfd1 Kc5 45. Rac1 h4 46. Rg1
Nf2 47. Kb1 Rxg1 48. Rxg1 Rh1 49. Rxh1 Nxh1 50. Kc1 h3 51. Kd1 Ng3 0-1

[Event "Madrid-ch 2017-2018 - Previa A"]
[Site "Madrid ESP"]
[Date "2018.02.21"]
[Round "9.31"]
[White "Diaz del Prado, Carlos"]
[Black "Fernandez Sanchez, Jose M"]
[Result "1-0"]
[WhiteElo "1302"]
[BlackElo "1144"]
[PlyCount "45"]
[EventDate "2018.02.05"]
[EventType "swiss"]
[EventRounds "9"]
[EventCountry "ESP"]
[SourceTitle "Ajedrez en Madrid"]
[Source "lmi"]
[SourceDate "2018.02.05"]

1. d4 Nf6 2. Nf3 d5 3. e3 Bf5 4. Bd3 g6 5. O-O Bg7 6. Bxf5 gxf5 7. Qd3 e6 8.
Qb5+ Nc6 9. Qxb7 Ne7 10. Qb5+ Qd7 11. Qe2 O-O 12. Nbd2 Ne4 13. c3 a5 14. Ne5
Qd6 15. f4 a4 16. Kh1 Ng6 17. Nxe4 fxe4 18. Qg4 Nxe5 19. fxe5 Qe7 20. Bd2 c5
21. Be1 cxd4 22. Bh4 Qc7 23. Bf6 1-0